| 000 | 01232nam a22002897i 4500 | ||
|---|---|---|---|
| 999 |
_c23162 _d23162 |
||
| 003 | AR-CdUCM | ||
| 008 | 250106b20232023 pe||||| |||| 00| 0 spa d | ||
| 020 | _a978-612-008545-5 | ||
| 040 |
_aMUNICIPALIDAD PROVINCIAL DEL CUSCO _cBIBLIOTECA MUNICIPAL DEL CUSCO |
||
| 041 | _hspa | ||
| 082 |
_a736.5 / R68 _bR68 |
||
| 100 |
_aRivera Gutiérrez, Juan Zacarias _950875 |
||
| 245 | _aAnálisis Compositivo Plástico de los Petrograbados de Ccochapata del Distrito de Vilque Puno | ||
| 260 |
_aPuno : _bEditorial Sagitario _c2023 |
||
| 300 |
_a150 páginas. : _c21.5 cm. |
||
| 500 | _zBibliografía: página 141-145 | ||
| 505 | _aAnálisis de Petrograbados de Ccochapata distrito de Vilque -- Datos generales del distrito de Vilque -- Presencia e interpretación de los elementos morfológicos -- Síntesis icónica -- Comparación geométrica, antropomorfea y zoomorfa | ||
| 650 |
_aPetrograbados _950876 |
||
| 650 |
_aDistrito Vilque de Puno _950914 |
||
| 650 |
_aSíntesis icónica _950915 |
||
| 700 |
_aApaza Mamani, Walter _950916 |
||
| 710 |
_aCondori Alvarez, Rosmeri _950917 |
||
| 710 |
_aPari Sacho, Eder Blum _950918 |
||
| 710 |
_aQuispe Villalta, Yovany _950919 |
||
| 942 |
_2ddc _cLIBROS |
||
| 945 |
_apbj _d06-01-2025 |
||